| 000 | 00721 a2200181 4500 | ||
|---|---|---|---|
| 008 | 110505t xxu||||| |||| 00| 0 eng d | ||
| 020 | _a9780071285575 | ||
| 050 |
_aHD31 _b.K56 2009 |
||
| 100 | _aKinicki,Angelo | ||
| 245 |
_aManagement: _bA practical introduction _cAngelo Kinicki, Brian K. Williams. |
||
| 250 | _a4th.ed. | ||
| 260 |
_bMcGraw hill _c2009 _aBoston |
||
| 300 |
_aXxxi,543p.(various pagings) _c28 cm |
||
| 500 | _aIncludes bibliographical references nad index | ||
| 700 | _aBrian K. Williams | ||
| 942 |
_cBK _2lcc |
||
| 999 |
_c38226 _d38226 |
||